000 00423nam a2200145 4500
001 110071
003 ES-MaACL
007 t|
008 061121s1914 xxk r ||||1| eng d
100 1 _aOrage, A.R.
_987143
245 1 0 _aNational guilds an inquiry into the wage system and the avay out /
_cA. R. Orage.
260 _aLondon :
_b[s.n.],
_cG. Bell (
_f1914)
300 _aVIII, 370 p. ;
_c19 cm.
852 _aES-MaACL
_jC-940
999 _c110071
_d110071